Электрические конденсаторы. Вып. 1: Силовые электрические конденсаторы (Запись № 8953217)

Подробности
000 -МАРКЕР
контрольное поле 01528nam2a22002651 4500
001 - ИДЕНТИФИКАТОР ЗАПИСИ
контрольное поле rc\4924017
005 - ИДЕНТИФИКАТОР ВЕРСИИ
контрольное поле 20250613041721.0
021 ## - НОМЕР ГОСУДАРСТВЕННОЙ РЕГИСТРАЦИИ
Код страны Российская Федерация
Номер [64-9773]
035 ## - ДРУГИЕ СИСТЕМНЫЕ НОМЕРА
Идентификатор записи (NLR Aleph) 008942311
100 ## - ДАННЫЕ ОБЩЕЙ ОБРАБОТКИ
Данные общей обработки 20130426d1964 |||y0rusy50 ca
101 0# - ЯЗЫК РЕСУРСА
Язык текста, звукозаписи и т.д. русский
102 ## - СТРАНА ПУБЛИКАЦИИ ИЛИ ПРОИЗВОДСТВА
Страна публикации Российская Федерация
105 ## - ПОЛЕ КОДИРОВАННЫХ ДАННЫХ: ТЕКСТОВЫЕ МАТЕРИАЛЫ, МОНОГРАФИЧЕСКИЕ
Кодированные данные о монографическом текстовом документе a z |||||
200 1# - ЗАГЛАВИЕ И СВЕДЕНИЯ ОБ ОТВЕТСТВЕННОСТИ
Основное заглавие Силовые электрические конденсаторы
210 ## - ПУБЛИКАЦИЯ, РАСПРОСТРАНЕНИЕ И ДР.
Дата издания, распространения и т.д. 1964
Место издания, распространения и т.д. Б. м.
215 ## - ФИЗИЧЕСКАЯ ХАРАКТЕРИСТИКА
Специфическое обозначение материала и объем 86 с.
Другие сведения о физической характеристике ил.
320 ## - ПРИМЕЧАНИЯ О НАЛИЧИИ В ДОКУМЕНТЕ БИБЛИОГРАФИИ / УКАЗАТЕЛЯ
Текст примечания Библиогр.: с. 84-85 (28 назв.)
461 #0 - УРОВЕНЬ НАБОРА
Встроенное поле 001rc\4924016
-- 2001#$aЭлектрические конденсаторы$eЛекции$eВып. 1-$fМ-во высш. и сред. спец. образования РСФСР. Всесоюз. заоч. энергет. ин-т. Кафедра электроизоляционной и кабельной техники$vВып. 1
-- 700#1$aЯманова$bЛ.В.$gЛенита Васильевна
Системный номер (АБИС) связанной записи 8953212
Автор Яманова, Л.В.
Место публикации Москва
Дата публикации 1964
Первые сведения об ответственности М-во высш. и сред. спец. образования РСФСР. Всесоюз. заоч. энергет. ин-т. Кафедра электроизоляционной и кабельной техники
Имя издателя, распространителя и т.д. Б. и.
Сведения, относящиеся к заглавию Лекции : Вып. 1-
Заглавие Электрические конденсаторы
Номер тома Вып. 1
606 ## - НАИМЕНОВАНИЕ ТЕМЫ КАК ПРЕДМЕТ
Наименование темы Электрические конденсаторы, силовые (вып. 1)
Код системы psbo
801 #0 - ИСТОЧНИК ЗАПИСИ
Страна Российская Федерация
Организация NLR
Правила каталогизации psbo
801 #1 - ИСТОЧНИК ЗАПИСИ
Страна Российская Федерация
Организация ELAR
Источник данных rusmarc
852 ## - МЕСТОНАХОЖДЕНИЕ И ШИФР ХРАНЕНИЯ
Идентификатор организации NLR
Шифр хранения (Call Number) 64-4/3319
942 ## - ДОПОЛНИТЕЛЬНЫЕ ЭЛЕМЕНТЫ ЗАПИСИ (АБИС)
Тип экземпляра АБИС Книга
980 ## - КОЛЛЕКЦИЯ
Название коллекции Национальная библиография
Экземпляры
Тип экземпляра Дата поступления Библиотека постоянного хранения Библиотека текущего хранения Место хранения Шифр хранения Штрих-код Статус экземпляра
Книга 26.10.2013 РНБ (Московский) РНБ (Московский) Русский книжный фонд: издания с 1957 года 64-4/3319 8942311-10